Los procedimientos de verificación de datos y comprobación limitada /
Tallennettuna:
| Päätekijä: | |
|---|---|
| Aineistotyyppi: | Elektroninen E-kirja |
| Kieli: | espanja |
| Julkaistu: |
Madrid :
Dykinson, S.L.,
[2015]
|
| Aiheet: | |
| Linkit: | Digitalia Hispánica |
| Tagit: |
Lisää tagi
Ei tageja, Lisää ensimmäinen tagi!
|
MARC
| LEADER | 00000nam a2200000Ii 4500 | ||
|---|---|---|---|
| 001 | DIGDYK0807 | ||
| 003 | NyNyDIG | ||
| 006 | m o d | ||
| 007 | cr ||||||||||| | ||
| 008 | 220910s2015 sp ob 000 0 spa d | ||
| 035 | |a (OCoLC)1350507780 | ||
| 040 | |a DGITA |b eng |e rda |e pn |c DGITA | ||
| 020 | |a 9788490852842 |q pdf | ||
| 020 | |z 9788490851319 | ||
| 043 | |a e-sp--- | ||
| 050 | 1 | 4 | |a KKT3568 ebook |
| 100 | 1 | |a Peña Amorós, Ma. del Mar de la |q (María del Mar de la), |e author. | |
| 245 | 1 | 4 | |a Los procedimientos de verificación de datos y comprobación limitada / |c Ma. del Mar de la Peña Amorós. |
| 264 | 1 | |a Madrid : |b Dykinson, S.L., |c [2015] | |
| 300 | |a 1 online resource. | ||
| 336 | |a text |b txt |2 rdacontent | ||
| 337 | |a computer |b c |2 rdamedia | ||
| 338 | |a online resource |b cr |2 rdacarrier | ||
| 347 | |a text file |2 rdaft | ||
| 347 | |b PDF | ||
| 504 | |a Includes bibliographical references. | ||
| 588 | 0 | |a Online resource; title from PDF title page (Digitalia, viewed September 10, 2022) | |
| 650 | 0 | |a Tax auditing |z Spain. | |
| 650 | 0 | |a Tax administration and procedure |z Spain. | |
| 655 | 0 | |a Electronic books. | |
| 791 | 2 | |a Digitalia (Firm), |e distributor. | |
| 793 | 0 | |g Digitalia eBook Collection: |a Dykinson Editorial | |
| 776 | 0 | 8 | |i Print version: |a Peña Amorós, Ma. del Mar de la (María del Mar de la). |t Procedimientos de verificación de datos y comprobación limitada. |d Madrid : Dykinson, S.L., [2015] |z 9788490851319 |
| 856 | 4 | 0 | |3 Digitalia Hispánica |u https://digitalia.unach.elogim.com/a/40434/ |
| 910 | |a Premium collection: 2022 | ||